00338nam a22001217a 450000500170000000800410001704000070005808200210006510000250008624500360011126000340014765000350018120241218154005.0241218b ||||| |||| 00| 0 eng d cAL 223a348.04bEASS aEastern Book Company aSupreme Court Cases 2001: Vol 2 aLucknowbEastern Book Company a Mode of Citation (2001) 2 SCC